[Event "Trofeo abierto Universidad de Jaen 2025"]
[Site "Maestra, 16 (Palacio de Cultura)"]
[Date "2025.04.05"]
[Round "3.7"]
[White "Moreno Bello, Miguel"]
[Black "Blanca Almagro, Miguel Angel"]
[Result "0-1"]
[TimeControl "10' + 5\""]
[WhiteFideId "22253912"]
[BlackFideId "2245051"]
[WhiteElo "1730"]
[BlackElo "1905"]

1. e4 {[%clk 00:08:48]} {[%emt 00:01:21]} c5 {[%clk 00:10:06]} {[%emt
00:00:05]} 2. a3 {[%clk 00:08:51]} {[%emt 00:00:02]} a5 {[%clk 00:10:04]}
{[%emt 00:00:08]} 3. Nc3 {[%clk 00:08:45]} {[%emt 00:00:10]} Nc6 {[%clk
00:10:06]} {[%emt 00:00:04]} 4. Nf3 {[%clk 00:08:40]} {[%emt 00:00:09]} d6
{[%clk 00:10:06]} {[%emt 00:00:06]} 5. Bb5 {[%clk 00:08:39]} {[%emt 00:00:07]}
e6 {[%clk 00:10:02]} {[%emt 00:00:09]} 6. O-O {[%clk 00:08:26]} {[%emt
00:00:18]} Nge7 {[%clk 00:10:03]} {[%emt 00:00:03]} 7. d4 {[%clk 00:08:18]}
{[%emt 00:00:13]} cxd4 {[%clk 00:09:54]} {[%emt 00:00:15]} 8. Nxd4 {[%clk
00:08:14]} {[%emt 00:00:08]} Qc7 {[%clk 00:09:55]} {[%emt 00:00:05]} 9. f4
{[%clk 00:07:51]} {[%emt 00:00:28]} Bd7 {[%clk 00:09:49]} {[%emt 00:00:11]} 10.
Nf3 {[%clk 00:07:22]} {[%emt 00:00:34]} g6 {[%clk 00:09:32]} {[%emt 00:00:23]}
11. Be3 {[%clk 00:07:17]} {[%emt 00:00:09]} Bg7 {[%clk 00:09:34]} {[%emt
00:00:03]} 12. Na4 {[%clk 00:06:49]} {[%emt 00:00:34]} Nc8 {[%clk 00:09:30]}
{[%emt 00:00:09]} 13. f5 {[%clk 00:06:18]} {[%emt 00:00:36]} O-O {[%clk
00:09:25]} {[%emt 00:00:09]} 14. fxg6 {[%clk 00:05:28]} {[%emt 00:00:55]} hxg6
{[%clk 00:09:26]} {[%emt 00:00:04]} 15. Qd2 {[%clk 00:05:27]} {[%emt 00:00:07]}
Ne5 {[%clk 00:09:19]} {[%emt 00:00:13]} 16. Bxd7 {[%clk 00:05:08]} {[%emt
00:00:23]} Nxf3+ {[%clk 00:09:14]} {[%emt 00:00:10]} 17. Rxf3 {[%clk 00:05:09]}
{[%emt 00:00:04]} Qxd7 {[%clk 00:09:16]} {[%emt 00:00:03]} 18. Nc3 {[%clk
00:04:54]} {[%emt 00:00:28]} Ne7 {[%clk 00:08:56]} {[%emt 00:00:28]} 19. Rh3
{[%clk 00:04:45]} {[%emt 00:00:13]} d5 {[%clk 00:08:32]} {[%emt 00:00:29]} 20.
Bh6 {[%clk 00:04:33]} {[%emt 00:00:17]} Be5 {[%clk 00:06:57]} {[%emt 00:01:40]}
21. Bxf8 {[%clk 00:04:28]} {[%emt 00:00:10]} Kxf8 {[%clk 00:06:56]} {[%emt
00:00:07]} 22. Rf1 {[%clk 00:03:53]} {[%emt 00:00:40]} d4 {[%clk 00:06:45]}
{[%emt 00:00:16]} 23. Rh7 {[%clk 00:03:07]} {[%emt 00:00:50]} Bg7 {[%clk
00:06:35]} {[%emt 00:00:15]} 24. Rxf7+ {[%clk 00:02:52]} {[%emt 00:00:20]} Kxf7
{[%clk 00:06:31]} {[%emt 00:00:09]} 25. Ne2 {[%clk 00:01:53]} {[%emt 00:01:04]}
Kg8 {[%clk 00:06:31]} {[%emt 00:00:05]} 26. Rh3 {[%clk 00:01:40]} {[%emt
00:00:17]} e5 {[%clk 00:06:30]} {[%emt 00:00:07]} 27. Qg5 {[%clk 00:01:23]}
{[%emt 00:00:21]} Qe6 {[%clk 00:05:58]} {[%emt 00:00:38]} 28. Qh4 {[%clk
00:01:16]} {[%emt 00:00:12]} Kf7 {[%clk 00:04:26]} {[%emt 00:01:37]} 29. Rf3+
{[%clk 00:00:51]} {[%emt 00:00:30]} Ke8 {[%clk 00:04:26]} {[%emt 00:00:05]} 30.
Qf2 {[%clk 00:00:49]} {[%emt 00:00:07]} Bh6 {[%clk 00:04:24]} {[%emt 00:00:07]}
31. Ng3 {[%clk 00:00:28]} {[%emt 00:00:26]} Be3 {[%clk 00:04:25]} {[%emt
00:00:03]} 32. Rxe3 {[%clk 00:00:18]} {[%emt 00:00:14]} dxe3 {[%clk 00:04:28]}
{[%emt 00:00:02]} 33. Qxe3 {[%clk 00:00:21]} {[%emt 00:00:02]} Rd8 {[%clk
00:04:07]} {[%emt 00:00:26]} 34. Qe2 {[%clk 00:00:21]} {[%emt 00:00:06]} Nc6
{[%clk 00:03:21]} {[%emt 00:00:51]} 35. h4 {[%clk 00:00:17]} {[%emt 00:00:08]}
Qd6 {[%clk 00:03:17]} {[%emt 00:00:09]} 36. Nf1 {[%clk 00:00:14]} {[%emt
00:00:08]} Nd4 {[%clk 00:03:04]} {[%emt 00:00:18]} 37. Qg4 {[%clk 00:00:16]}
{[%emt 00:00:03]} Qf6 {[%clk 00:02:47]} {[%emt 00:00:22]} 38. Ne3 {[%clk
00:00:14]} {[%emt 00:00:07]} Ne6 {[%clk 00:02:13]} {[%emt 00:00:39]} 39. Nd5
{[%clk 00:00:15]} {[%emt 00:00:04]} Qf7 {[%clk 00:01:57]} {[%emt 00:00:21]} 40.
Qe2 {[%clk 00:00:08]} {[%emt 00:00:12]} Nd4 {[%clk 00:01:55]} {[%emt 00:00:08]}
41. Qc4 {[%clk 00:00:06]} {[%emt 00:00:07]} Rxd5 {[%clk 00:01:50]} {[%emt
00:00:10]} 42. exd5 {[%clk 00:00:09]} {[%emt 00:00:03]} Qd7 {[%clk 00:01:51]}
{[%emt 00:00:04]} 43. c3 {[%clk 00:00:08]} {[%emt 00:00:05]} Nf5 {[%clk
00:01:48]} {[%emt 00:00:08]} 44. Qe4 {[%emt 00:00:08]} Qd6 {[%emt 00:00:03]} 45.
c4 {[%emt 00:00:02]} b6 46. g4 {[%emt 00:00:02]} Nxh4 {[%emt 00:00:03]} 0-1

[Event "Trofeo abierto Universidad de Jaen 2025"]
[Site "Maestra, 16 (Palacio de Cultura)"]
[Date "2025.04.05"]
[Round "4.1"]
[White "Blanca Almagro, Miguel Angel"]
[Black "Diaz Perez, Michel Alejandro"]
[Result "0-1"]
[TimeControl "10' + 5\""]
[WhiteFideId "2245051"]
[BlackFideId "3517179"]
[WhiteElo "1905"]
[BlackElo "2473"]

1. d4 {[%clk 00:10:07]} {[%emt 00:00:02]} Nf6 {[%clk 00:10:04]} {[%emt
00:00:06]} 2. Nf3 {[%clk 00:10:09]} {[%emt 00:00:03]} e6 {[%clk 00:10:07]}
{[%emt 00:00:03]} 3. e3 {[%clk 00:10:11]} {[%emt 00:00:03]} c5 {[%clk
00:10:04]} {[%emt 00:00:07]} 4. Bd3 {[%clk 00:10:12]} {[%emt 00:00:03]} b6
{[%clk 00:09:59]} {[%emt 00:00:11]} 5. b3 {[%clk 00:10:06]} {[%emt 00:00:11]}
Bb7 {[%clk 00:09:51]} {[%emt 00:00:13]} 6. Bb2 {[%clk 00:10:08]} {[%emt
00:00:03]} Be7 {[%clk 00:09:46]} {[%emt 00:00:09]} 7. Nbd2 {[%clk 00:10:07]}
{[%emt 00:00:06]} cxd4 {[%clk 00:09:39]} {[%emt 00:00:13]} 8. exd4 {[%clk
00:10:09]} {[%emt 00:00:02]} d6 {[%clk 00:09:39]} {[%emt 00:00:05]} 9. Bb5+
{[%clk 00:10:08]} {[%emt 00:00:07]} Nbd7 {[%clk 00:09:26]} {[%emt 00:00:17]} 10.
O-O {[%clk 00:10:10]} {[%emt 00:00:03]} O-O {[%clk 00:09:28]} {[%emt 00:00:04]}
11. Re1 {[%clk 00:10:11]} {[%emt 00:00:04]} Rc8 {[%clk 00:09:23]} {[%emt
00:00:10]} 12. Bd3 {[%clk 00:10:10]} {[%emt 00:00:06]} Re8 {[%clk 00:09:09]}
{[%emt 00:00:19]} 13. Rc1 {[%clk 00:09:46]} {[%emt 00:00:29]} Bf8 {[%clk
00:09:06]} {[%emt 00:00:09]} 14. a3 {[%clk 00:09:12]} {[%emt 00:00:39]} h6
{[%clk 00:09:01]} {[%emt 00:00:10]} 15. c4 {[%clk 00:08:52]} {[%emt 00:00:25]}
d5 {[%clk 00:09:03]} {[%emt 00:00:03]} 16. Ne5 {[%clk 00:08:49]} {[%emt
00:00:08]} dxc4 {[%clk 00:08:57]} {[%emt 00:00:12]} 17. bxc4 {[%clk 00:08:50]}
{[%emt 00:00:03]} Nxe5 {[%clk 00:08:33]} {[%emt 00:00:29]} 18. Rxe5 {[%clk
00:08:44]} {[%emt 00:00:12]} Bd6 {[%clk 00:08:36]} {[%emt 00:00:02]} 19. Re1
{[%clk 00:08:44]} {[%emt 00:00:04]} Qc7 {[%clk 00:08:15]} {[%emt 00:00:26]} 20.
h3 {[%clk 00:08:19]} {[%emt 00:00:30]} e5 {[%clk 00:08:12]} {[%emt 00:00:08]}
21. d5 {[%clk 00:07:09]} {[%emt 00:01:15]} Bc5 {[%clk 00:05:24]} {[%emt
00:02:53]} 22. Ne4 {[%clk 00:06:39]} {[%emt 00:00:35]} Nxe4 {[%clk 00:05:27]}
{[%emt 00:00:02]} 23. Bxe4 {[%clk 00:06:40]} {[%emt 00:00:03]} Qd6 {[%clk
00:05:22]} {[%emt 00:00:10]} 24. Qf3 {[%clk 00:06:36]} {[%emt 00:00:09]} Rcd8
{[%clk 00:04:28]} {[%emt 00:01:00]} 25. Qg3 {[%clk 00:06:15]} {[%emt 00:00:27]}
Bc8 {[%clk 00:04:04]} {[%emt 00:00:29]} 26. Bh7+ {[%clk 00:04:56]} {[%emt
00:01:24]} Kxh7 {[%clk 00:03:59]} {[%emt 00:00:10]} 27. Bxe5 {[%clk 00:04:57]}
{[%emt 00:00:03]} Qg6 {[%clk 00:03:59]} {[%emt 00:00:05]} 28. Qf3 {[%clk
00:04:33]} {[%emt 00:00:29]} Qf5 {[%clk 00:03:49]} {[%emt 00:00:15]} 29. Qg3
{[%clk 00:04:23]} {[%emt 00:00:14]} Rxe5 {[%clk 00:03:39]} {[%emt 00:00:15]} 30.
Rxe5 {[%clk 00:04:18]} {[%emt 00:00:10]} Bxf2+ {[%clk 00:03:42]} {[%emt
00:00:03]} 31. Qxf2 {[%clk 00:04:20]} {[%emt 00:00:03]} Qxe5 {[%clk 00:03:46]}
{[%emt 00:00:01]} 32. Re1 {[%clk 00:04:17]} {[%emt 00:00:07]} Qg5 {[%clk
00:03:20]} {[%emt 00:00:31]} 33. Qf3 {[%clk 00:03:42]} {[%emt 00:00:41]} b5
{[%clk 00:03:03]} {[%emt 00:00:22]} 34. h4 {[%clk 00:02:57]} {[%emt 00:00:49]}
Qxh4 {[%clk 00:02:51]} {[%emt 00:00:16]} 35. Re4 {[%clk 00:02:54]} {[%emt
00:00:07]} Qg5 {[%clk 00:02:39]} {[%emt 00:00:17]} 36. cxb5 {[%clk 00:02:22]}
{[%emt 00:00:38]} Qxd5 {[%clk 00:02:15]} {[%emt 00:00:29]} 37. Qf4 {[%clk
00:01:59]} {[%emt 00:00:28]} Be6 {[%clk 00:01:52]} {[%emt 00:00:28]} 38. a4
{[%clk 00:01:57]} {[%emt 00:00:07]} Qd1+ {[%clk 00:01:37]} {[%emt 00:00:20]} 39.
Kh2 {[%clk 00:01:57]} {[%emt 00:00:04]} Rd5 {[%clk 00:01:36]} {[%emt 00:00:07]}
40. Qg3 {[%clk 00:01:21]} {[%emt 00:00:41]} Rg5 {[%clk 00:01:28]} {[%emt
00:00:13]} 41. Qf2 {[%clk 00:01:23]} {[%emt 00:00:02]} Bd5 {[%clk 00:01:20]}
{[%emt 00:00:14]} 0-1

[Event "Trofeo abierto Universidad de Jaen 2025"]
[Site "Maestra, 16 (Palacio de Cultura)"]
[Date "2025.04.05"]
[Round "4.2"]
[White "Gutierrez Espinosa, Karen"]
[Black "Sanchez Escabias, Manuel"]
[Result "1-0"]
[TimeControl "10' + 5\""]
[WhiteFideId "3513238"]
[BlackFideId "54506018"]
[WhiteElo "2033"]
[BlackElo "1779"]

1. e4 {[%clk 00:10:07]} {[%emt 00:00:02]} c6 {[%clk 00:10:08]} {[%emt
00:00:02]} 2. d4 {[%clk 00:10:09]} {[%emt 00:00:02]} d5 {[%clk 00:10:12]}
{[%emt 00:00:01]} 3. Nc3 {[%clk 00:10:12]} {[%emt 00:00:02]} dxe4 {[%clk
00:10:16]} {[%emt 00:00:02]} 4. Nxe4 {[%clk 00:10:15]} {[%emt 00:00:02]} Nf6
{[%clk 00:10:20]} 5. Nxf6+ {[%clk 00:10:17]} {[%emt 00:00:03]} exf6 {[%clk
00:10:24]} {[%emt 00:00:01]} 6. c3 {[%clk 00:10:20]} {[%emt 00:00:02]} Bd6
{[%clk 00:10:23]} {[%emt 00:00:05]} 7. Bd3 {[%clk 00:10:21]} {[%emt 00:00:04]}
O-O {[%clk 00:10:23]} {[%emt 00:00:05]} 8. Ne2 {[%clk 00:10:21]} {[%emt
00:00:05]} Re8 {[%clk 00:10:17]} {[%emt 00:00:11]} 9. Qc2 {[%clk 00:10:17]}
{[%emt 00:00:09]} h6 {[%clk 00:10:03]} {[%emt 00:00:19]} 10. O-O {[%clk
00:10:16]} {[%emt 00:00:06]} Qc7 {[%clk 00:09:39]} {[%emt 00:00:29]} 11. h3
{[%clk 00:10:15]} {[%emt 00:00:07]} Nd7 {[%clk 00:09:32]} {[%emt 00:00:13]} 12.
Be3 {[%clk 00:10:13]} {[%emt 00:00:07]} Nf8 {[%clk 00:08:28]} {[%emt 00:01:09]}
13. Rfe1 {[%clk 00:09:18]} {[%emt 00:01:00]} Be6 {[%clk 00:07:33]} {[%emt
00:01:00]} 14. c4 {[%clk 00:09:12]} {[%emt 00:00:11]} Bd7 {[%clk 00:07:13]}
{[%emt 00:00:25]} 15. Nc3 {[%clk 00:08:57]} {[%emt 00:00:20]} Rad8 {[%clk
00:05:59]} {[%emt 00:01:19]} 16. d5 {[%clk 00:08:27]} {[%emt 00:00:35]} Bb4
{[%clk 00:05:37]} {[%emt 00:00:26]} 17. Re2 {[%clk 00:07:56]} {[%emt 00:00:37]}
Bxc3 {[%clk 00:05:31]} {[%emt 00:00:12]} 18. Qxc3 {[%clk 00:07:58]} {[%emt
00:00:02]} cxd5 {[%clk 00:05:33]} {[%emt 00:00:02]} 19. cxd5 {[%clk 00:07:58]}
{[%emt 00:00:06]} Qb8 {[%clk 00:05:08]} {[%emt 00:00:30]} 20. Qd2 {[%clk
00:07:02]} {[%emt 00:01:00]} b6 {[%clk 00:04:54]} {[%emt 00:00:20]} 21. Rd1
{[%clk 00:06:54]} {[%emt 00:00:13]} Ba4 {[%clk 00:04:03]} {[%emt 00:00:55]} 22.
b3 {[%clk 00:06:53]} {[%emt 00:00:07]} Bd7 {[%clk 00:04:02]} {[%emt 00:00:06]}
23. Bf4 {[%clk 00:05:52]} {[%emt 00:01:06]} Qb7 {[%clk 00:03:48]} {[%emt
00:00:19]} 24. Bb1 {[%clk 00:05:28]} {[%emt 00:00:28]} Rxe2 {[%clk 00:03:37]}
{[%emt 00:00:17]} 25. Qxe2 {[%clk 00:05:32]} {[%emt 00:00:01]} Bc8 {[%clk
00:03:18]} {[%emt 00:00:24]} 26. Qd3 {[%clk 00:04:56]} {[%emt 00:00:41]} Qa6
{[%clk 00:03:18]} {[%emt 00:00:05]} 27. Qe4 {[%clk 00:03:36]} {[%emt 00:01:25]}
Bb7 {[%clk 00:03:17]} {[%emt 00:00:07]} 28. Qe7 {[%clk 00:03:21]} {[%emt
00:00:20]} Rc8 {[%clk 00:02:50]} {[%emt 00:00:32]} 29. d6 {[%clk 00:03:09]}
{[%emt 00:00:16]} Ng6 {[%clk 00:02:53]} {[%emt 00:00:01]} 30. Bxg6 {[%clk
00:03:02]} {[%emt 00:00:13]} fxg6 {[%clk 00:02:45]} {[%emt 00:00:13]} 31. d7
{[%clk 00:03:05]} {[%emt 00:00:03]} 1-0

[Event "Trofeo abierto Universidad de Jaen 2025"]
[Site "Maestra, 16 (Palacio de Cultura)"]
[Date "2025.04.05"]
[Round "4.3"]
[White "Del Peral Garcia, Fausto"]
[Black "Cano Padilla, Ruben Jesus"]
[Result "0-1"]
[TimeControl "10' + 5\""]
[WhiteFideId "24567205"]
[BlackFideId "2253526"]
[WhiteElo "1772"]
[BlackElo "1974"]

1. Nf3 {[%clk 00:10:06]} {[%emt 00:00:04]} Nf6 {[%clk 00:10:08]} {[%emt
00:00:02]} 2. c4 {[%clk 00:09:53]} {[%emt 00:00:18]} g6 {[%clk 00:10:10]}
{[%emt 00:00:03]} 3. Nc3 {[%clk 00:09:46]} {[%emt 00:00:13]} d5 {[%clk
00:10:13]} {[%emt 00:00:02]} 4. cxd5 {[%clk 00:09:43]} {[%emt 00:00:08]} Nxd5
{[%clk 00:10:16]} {[%emt 00:00:01]} 5. g3 {[%clk 00:09:41]} {[%emt 00:00:06]}
Bg7 {[%clk 00:10:08]} {[%emt 00:00:14]} 6. Bg2 {[%clk 00:09:43]} {[%emt
00:00:03]} Nxc3 {[%clk 00:10:08]} {[%emt 00:00:05]} 7. bxc3 {[%clk 00:09:43]}
{[%emt 00:00:04]} O-O {[%clk 00:10:10]} {[%emt 00:00:03]} 8. O-O {[%clk
00:09:32]} {[%emt 00:00:16]} c5 {[%clk 00:10:12]} {[%emt 00:00:03]} 9. Ba3
{[%clk 00:08:55]} {[%emt 00:00:42]} Qa5 {[%clk 00:09:59]} {[%emt 00:00:18]} 10.
Bb2 {[%clk 00:08:20]} {[%emt 00:00:39]} Nc6 {[%clk 00:09:59]} {[%emt 00:00:06]}
0-1

[Event "Trofeo abierto Universidad de Jaen 2025"]
[Site "Maestra, 16 (Palacio de Cultura)"]
[Date "2025.04.05"]
[Round "4.4"]
[White "Plazas Sanchez, Ruben"]
[Black "Collado Moral, Adrian"]
[Result "1-0"]
[TimeControl "10' + 5\""]
[WhiteFideId "94772851"]
[BlackFideId "54799139"]
[WhiteElo "1961"]
[BlackElo "1710"]

1. d4 {[%clk 00:10:07]} {[%emt 00:00:02]} e6 {[%clk 00:10:09]} {[%emt
00:00:02]} 2. c4 {[%clk 00:10:10]} {[%emt 00:00:03]} f5 {[%clk 00:10:12]}
{[%emt 00:00:01]} 3. Nc3 {[%clk 00:10:10]} {[%emt 00:00:05]} Nf6 {[%clk
00:10:16]} {[%emt 00:00:02]} 4. e3 {[%clk 00:10:04]} {[%emt 00:00:11]} Bb4
{[%clk 00:10:14]} {[%emt 00:00:08]} 5. Bd2 {[%clk 00:09:35]} {[%emt 00:00:33]}
O-O {[%clk 00:09:32]} {[%emt 00:00:46]} 6. Nf3 {[%clk 00:09:39]} {[%emt
00:00:02]} d5 {[%clk 00:09:32]} {[%emt 00:00:05]} 7. a3 {[%clk 00:09:42]}
{[%emt 00:00:02]} Bxc3 {[%clk 00:08:44]} {[%emt 00:00:53]} 8. Bxc3 {[%clk
00:09:45]} {[%emt 00:00:02]} c6 {[%clk 00:08:47]} {[%emt 00:00:02]} 9. Bd3
{[%clk 00:09:47]} {[%emt 00:00:03]} b6 {[%clk 00:08:30]} {[%emt 00:00:22]} 10.
O-O {[%clk 00:09:46]} {[%emt 00:00:05]} Bb7 {[%clk 00:08:19]} {[%emt 00:00:16]}
11. cxd5 {[%clk 00:09:39]} {[%emt 00:00:12]} cxd5 {[%clk 00:08:18]} {[%emt
00:00:07]} 12. Rc1 {[%clk 00:08:44]} {[%emt 00:01:00]} Nc6 {[%clk 00:08:10]}
{[%emt 00:00:14]} 13. b4 {[%clk 00:08:20]} {[%emt 00:00:29]} a6 {[%clk
00:06:50]} {[%emt 00:01:24]} 14. a4 {[%clk 00:08:23]} {[%emt 00:00:01]} Rc8
{[%clk 00:05:06]} {[%emt 00:01:50]} 15. Qb3 {[%clk 00:07:51]} {[%emt 00:00:37]}
Ne4 {[%clk 00:04:33]} {[%emt 00:00:38]} 16. b5 {[%clk 00:05:38]} {[%emt
00:02:18]} axb5 {[%clk 00:04:27]} {[%emt 00:00:11]} 17. axb5 {[%clk 00:05:41]}
{[%emt 00:00:02]} Nb8 {[%clk 00:04:08]} {[%emt 00:00:24]} 18. Bb4 {[%clk
00:05:16]} {[%emt 00:00:30]} Rf7 {[%clk 00:03:56]} {[%emt 00:00:17]} 19. Ne5
{[%clk 00:03:22]} {[%emt 00:01:59]} Rfc7 {[%clk 00:03:56]} {[%emt 00:00:05]} 20.
Rxc7 {[%clk 00:03:25]} {[%emt 00:00:03]} Rxc7 {[%clk 00:03:38]} {[%emt
00:00:22]} 21. f3 {[%clk 00:03:27]} {[%emt 00:00:03]} Nf6 {[%clk 00:03:33]}
{[%emt 00:00:11]} 22. Qb1 {[%clk 00:02:58]} {[%emt 00:00:34]} Qc8 {[%clk
00:03:09]} {[%emt 00:00:30]} 23. Ba3 {[%clk 00:01:58]} {[%emt 00:01:05]} Rc3
{[%clk 00:02:59]} {[%emt 00:00:13]} 24. Rc1 {[%clk 00:02:02]} {[%emt 00:00:02]}
Rxc1+ {[%clk 00:02:17]} {[%emt 00:00:47]} 25. Qxc1 {[%clk 00:02:05]} {[%emt
00:00:02]} Nbd7 {[%clk 00:02:00]} {[%emt 00:00:21]} 26. Qxc8+ {[%clk 00:02:02]}
{[%emt 00:00:08]} Bxc8 {[%clk 00:02:04]} {[%emt 00:00:01]} 27. Nc6 {[%clk
00:02:05]} {[%emt 00:00:02]} Kf7 {[%clk 00:01:50]} {[%emt 00:00:18]} 28. Nd8+
{[%clk 00:01:47]} {[%emt 00:00:24]} Kg8 {[%clk 00:01:08]} {[%emt 00:00:47]} 29.
Nxe6 {[%clk 00:01:50]} {[%emt 00:00:02]} g6 {[%clk 00:01:09]} {[%emt 00:00:04]}
30. Nf4 {[%clk 00:01:39]} {[%emt 00:00:16]} Nf8 {[%clk 00:01:05]} {[%emt
00:00:09]} 31. Bc2 {[%clk 00:01:29]} {[%emt 00:00:15]} Ne6 {[%clk 00:01:01]}
{[%emt 00:00:09]} 32. Nd3 {[%clk 00:01:23]} {[%emt 00:00:10]} Nd7 {[%clk
00:00:56]} {[%emt 00:00:11]} 33. Bb3 {[%clk 00:01:21]} {[%emt 00:00:07]} Nc7
{[%clk 00:00:58]} {[%emt 00:00:03]} 34. Bd6 {[%clk 00:01:07]} {[%emt 00:00:20]}
Nxb5 {[%clk 00:00:58]} {[%emt 00:00:05]} 35. Bxd5+ {[%clk 00:01:09]} {[%emt
00:00:03]} Kg7 {[%clk 00:01:01]} {[%emt 00:00:02]} 36. Bb4 {[%clk 00:00:49]}
{[%emt 00:00:25]} Nf6 {[%clk 00:00:54]} {[%emt 00:00:12]} 37. Bc6 {[%clk
00:00:53]} {[%emt 00:00:01]} Na7 {[%clk 00:00:58]} {[%emt 00:00:02]} 38. Ba4
{[%clk 00:00:57]} {[%emt 00:00:01]} b5 {[%clk 00:01:01]} {[%emt 00:00:02]} 39.
Bb3 {[%clk 00:01:01]} Bd7 {[%clk 00:00:58]} {[%emt 00:00:08]} 40. Ne5 {[%clk
00:01:03]} {[%emt 00:00:03]} Nc6 {[%clk 00:00:55]} {[%emt 00:00:07]} 41. Nxc6
{[%clk 00:00:51]} {[%emt 00:00:18]} Bxc6 {[%clk 00:00:59]} 42. Kf2 {[%clk
00:00:54]} {[%emt 00:00:02]} Bd5 {[%clk 00:00:58]} {[%emt 00:00:06]} 43. Bc2
{[%clk 00:00:46]} {[%emt 00:00:13]} Kf7 {[%clk 00:00:58]} {[%emt 00:00:04]} 44.
Bd3 {[%clk 00:00:49]} {[%emt 00:00:03]} Bc6 {[%clk 00:00:58]} {[%emt 00:00:06]}
45. Ke2 {[%clk 00:00:46]} {[%emt 00:00:08]} Ke6 {[%clk 00:00:57]} {[%emt
00:00:05]} 46. Kd2 {[%clk 00:00:22]} {[%emt 00:00:30]} Nd5 {[%clk 00:01:01]}
{[%emt 00:00:02]} 47. Ba3 {[%clk 00:00:25]} {[%emt 00:00:01]} Nf6 {[%clk
00:00:33]} {[%emt 00:00:32]} 48. Bb2 {[%clk 00:00:25]} {[%emt 00:00:05]} Nd5
{[%clk 00:00:36]} {[%emt 00:00:02]} 49. e4 {[%clk 00:00:27]} {[%emt 00:00:04]}
fxe4 {[%clk 00:00:23]} {[%emt 00:00:18]} 50. fxe4 {[%clk 00:00:30]} {[%emt
00:00:01]} Nb4 {[%clk 00:00:22]} {[%emt 00:00:06]} 51. d5+ {[%clk 00:00:34]}
{[%emt 00:00:01]} Kd6 {[%clk 00:00:23]} {[%emt 00:00:04]} 52. dxc6 {[%clk
00:00:30]} {[%emt 00:00:09]} Kd5 {[%emt 00:00:11]} 1-0